000 00930nam a22002297a 4500
005 20240530110937.0
008 221019s2021 ua f 000 0 ara d
017 _a17537/2020
_bمصر. دار الكتب
020 _a9789777283335
040 _aEG-CaGPL
_cEG-CaGPL
082 0 4 _221
_a720.3/
_bس م
100 0 _aسحر محمد القطرى
245 1 2 _aمعجم المصطلحات الاثارية بالنصوص القرانية :
_bدراسة فى تفاسير ودلالات المصطلح /
_cسحر محمد القطرى
250 _aالاولى
260 _aالقاهرة :
_bدار الحكمة للطباعة و النشر و التوزيع،
_c2021.
300 _a348 ص. :
_bايض ؛
_c24 سم.
504 _aيشتمل على ارجاعات ببليوجرافية
650 0 7 _2qrmak
_aالاثار
_vمعاجم
651 _2qrmak
942 _2ddc
_cBK
999 _c66763
_d66763